| 000 | 01099nam a22003371a 4500 | ||
|---|---|---|---|
| 001 | 1451730 | ||
| 005 | 20140128020003.0 | ||
| 008 | 881011s1962 nr a 000 1 eng | ||
| 010 | _a77260624 | ||
| 035 | _a(CStRLIN)NYCX88B21958 | ||
| 035 | _a(NIC)notisAGR6928 | ||
| 035 | _a1451730 | ||
| 040 | _dNIC | ||
| 050 | 0 | 4 |
_aPR 9387.9.E34A66 1962 _bPR 9387.9.E34A66 1962 _aPR 9387.9.E34A66 1962 |
| 100 | 1 | _aEkwensi, Cyprian. | |
| 245 | 1 | 3 | _aAn African night's entertainment a tale. |
| 260 |
_aLagos : _bAfrican Universities Pre, _c[1962] |
||
| 300 | _a96 p. illus. 22. | ||
| 490 | 1 |
_aAfrican Reader's Library ; _vno. 1 |
|
| 600 | 1 | 0 | _aFather and child - Africa - Fiction. |
| 600 | 1 | 0 | _aYoung adult fiction. |
| 830 | 0 |
_aAfrican reader's library. _vno. 1. |
|
| 948 | _ac:RET | ||
| 948 | 2 |
_a20070815 _bm _dbatch _elts _x005DatesFix |
|
| 998 |
_a12/15/88 _d10/11/88 _cRET _bRET |
||
| 942 | 0 | 0 | _01 |
| 999 |
_c42735 _d42711 |
||